Kingdom of the Netherlands-Netherlands : Report on the Observance of Standards and Codes (ROSC) Fiscal Transparency Module.

The report on the Netherlands on the Observance of Standards and Codes discusses the fiscal transparency module and the Aide-Memoire regarding the fiscal framework. The roles and responsibilities of and within government are, in general, clearly defined and, in many areas, the Netherlands sets best...

Полное описание

Библиографические подробности
Соавтор: International Monetary Fund
Формат: Журнал
Язык:English
Опубликовано: Washington, D.C. : International Monetary Fund, 2006.
Серии:IMF Staff Country Reports; Country Report ; No. 2006/124
Online-ссылка:Full text available on IMF
LEADER 01645cas a2200241 a 4500
001 AALejournalIMF004125
008 230101c9999 xx r poo 0 0eng d
020 |c 5.00 USD 
020 |z 9781451829532 
022 |a 1934-7685 
040 |a BD-DhAAL  |c BD-DhAAL 
110 2 |a International Monetary Fund. 
245 1 0 |a Kingdom of the Netherlands-Netherlands :   |b Report on the Observance of Standards and Codes (ROSC) Fiscal Transparency Module. 
264 1 |a Washington, D.C. :  |b International Monetary Fund,  |c 2006. 
300 |a 1 online resource (63 pages) 
490 1 |a IMF Staff Country Reports 
500 |a <strong>Off-Campus Access:</strong> No User ID or Password Required 
500 |a <strong>On-Campus Access:</strong> No User ID or Password Required 
506 |a Electronic access restricted to authorized BRAC University faculty, staff and students 
520 3 |a The report on the Netherlands on the Observance of Standards and Codes discusses the fiscal transparency module and the Aide-Memoire regarding the fiscal framework. The roles and responsibilities of and within government are, in general, clearly defined and, in many areas, the Netherlands sets best practice standards. The basic principles of the trend-based fiscal framework include the separation of tax receipts and outlays, a stable and well-defined set of expenditure rules, and use of expenditure ceilings to implement policy. 
538 |a Mode of access: Internet 
830 0 |a IMF Staff Country Reports; Country Report ;  |v No. 2006/124 
856 4 0 |z Full text available on IMF  |u http://elibrary.imf.org/view/journals/002/2006/124/002.2006.issue-124-en.xml  |z IMF e-Library